000 00796cam a22002653a 4500
001 671
003 PGUSA
005 20140828082951.0
008 060318s2006||||xxu|||||s|||||000 1 eng d
040 _aPGUSA
_beng
042 _adc
050 4 _aPZ
100 1 _aAlger, Horatio,
_d1832-1899
245 1 0 _aPhil, the Fiddler
_h[electronic resource] /
_cHoratio Alger
260 _bProject Gutenberg,
_c2006
506 _aPublic domain in the USA.
516 _aElectronic text
653 _aNew York (N.Y.) -- History -- 1865-1898 -- Juvenile fiction
653 _aViolinists -- Juvenile fiction
653 _aRunaways -- Juvenile fiction
653 _aChild abuse -- Juvenile fiction
830 0 _aProject Gutenberg
_v671
856 4 0 _uhttp://www.gutenberg.org/ebooks/671
942 _cEB
999 _c230022
_d230022